Valuation calculations (Record no. 112715)
[ view plain ]
| 000 -LEADER | |
|---|---|
| fixed length control field | 01429cam a22002535a 4500 |
| 001 - CONTROL NUMBER | |
| control field | L153817 |
| 008 - FIXED-LENGTH DATA ELEMENTS--GENERAL INFORMATION | |
| fixed length control field | 110803s2011 xxk f 000 0 eng d |
| 020 ## - INTERNATIONAL STANDARD BOOK NUMBER | |
| International Standard Book Number | 9781842196939 |
| 035 ## - SYSTEM CONTROL NUMBER | |
| System control number | (Sirsi) u153817 |
| 041 0# - LANGUAGE CODE | |
| Language code of text/sound track or separate title | eng |
| 050 04 - LIBRARY OF CONGRESS CALL NUMBER | |
| Classification number | 333.332 $2 18 |
| 100 1# - MAIN ENTRY--PERSONAL NAME | |
| Personal name | Saunders, Ollie |
| 245 00 - TITLE STATEMENT | |
| Title | Valuation calculations |
| Remainder of title | 101 worked examples |
| 250 ## - EDITION STATEMENT | |
| Edition statement | 2nd ed. |
| 260 ## - PUBLICATION, DISTRIBUTION, ETC. | |
| Place of publication, distribution, etc. | Coventry |
| Name of publisher, distributor, etc. | RICS |
| Date of publication, distribution, etc. | 2011 |
| 300 ## - PHYSICAL DESCRIPTION | |
| Extent | viii, 248p. |
| Dimensions | 21cm. |
| 505 2# - FORMATTED CONTENTS NOTE | |
| Formatted contents note | Traditional investment approach -- Leaseholds and synergistic/marriage value -- Over-rented property -- Investment, cashflow approach -- Ground leases -- Profit rent -- Development valuations -- Land -- Profits valuations -- Depreciated replacement cost -- Land and building apportionments -- Appendix |
| 520 ## - SUMMARY, ETC. | |
| Summary, etc. | There is no prescriptive way to value any property: the approach is down to the valuer. This book illustrates the different scenarios a valuer may encounter and the different techniques that can be employed. Each calculation is clearly set out, and the jargon-free commentary highlights points of interest and danger areas. The worked examples cover: traditional investment valuations; discounted cashflows; development appraisals; depreciated replacement cost; and profits method and trading valuations. |
| 521 ## - TARGET AUDIENCE NOTE | |
| Target audience note | Introductory |
| 590 ## - LOCAL NOTE (RLIN) | |
| Local note | KA |
| 651 #4 - SUBJECT ADDED ENTRY--GEOGRAPHIC NAME | |
| Geographic name | United Kingdom |
| 690 ## - LOCAL SUBJECT ADDED ENTRY--TOPICAL TERM (OCLC, RLIN) | |
| Topical term or geographic name as entry element | PROPERTY-PROPERTY APPRAISAL AND VALUATION |
| 942 ## - ADDED ENTRY ELEMENTS (KOHA) | |
| Suppress in OPAC | 0 |
| Source of classification or shelving scheme | Dewey Decimal Classification |
| Withdrawn status | Lost status | Source of classification or shelving scheme | Damaged status | Not for loan | Home library | Current library | Shelving location | Date acquired | Total Checkouts | Full call number | Barcode | Date last seen | Copy number | Price effective from | Koha item type |
|---|---|---|---|---|---|---|---|---|---|---|---|---|---|---|---|
| Dewey Decimal Classification | London | London | Books | 07/09/2011 | 333.332 SAU | 30076638 | 15/11/2023 | 2 | 06/08/2019 | Book | |||||
| Missing | Dewey Decimal Classification | London | London | Books | 07/09/2011 | 333.332 SAU | 30076639 | 06/08/2019 | 3 | 06/08/2019 | Book | ||||
| Dewey Decimal Classification | London | London | RICS Boxes | 07/09/2011 | RICS 2011/43 | 30076634 | 06/08/2019 | 1 | 06/08/2019 | Archive |